| 000 | 00508cam a2200205 4500 | ||
|---|---|---|---|
| 001 | B1046 | ||
| 008 | 090401t1984 xxu||||| |||| 00| 0 eng d | ||
| 035 | _a(Sirsi) u42336 | ||
| 041 | _aeng | ||
| 050 | _a333.335 | ||
| 110 | _aWilliam H. Brown | ||
| 245 | 4 | _aThe agricultural investment journal . - Autumn 1984- | |
| 260 |
_aSleaford _bWilliam H. Brown _c1984- |
||
| 350 | _a0 | ||
| 520 | _aPublished irregularly. | ||
| 650 | _aFARM LAND | ||
| 650 | _aINVESTMENT | ||
| 942 | _n0 | ||
| 948 | _c04/03/1997 | ||
| 999 |
_c91076 _d91076 |
||